Catálogo
 En Linea

Contribución al estudio de la endemicidad palúdica índice esplenico. (Registro nro. 34171)

Detalles MARC
000 -CABECERA
campo de control de longitud fija 00880nam a2200229 a 4500
001 - NÚMERO DE CONTROL
campo de control 000034680
003 - IDENTIFICADOR DEL NÚMERO DE CONTROL
campo de control OSt
005 - FECHA Y HORA DE LA ÚLTIMA TRANSACCIÓN
campo de control 20201023084525.0
008 - DATOS DE LONGITUD FIJA--INFORMACIÓN GENERAL
campo de control de longitud fija 111018s1942 dr r 000 0 spa d
040 ## - FUENTE DE LA CATALOGACIÓN
Centro catalogador/agencia de origen DO-SdBNP
Lengua de catalogación spa
Centro/agencia transcriptor BNPHU
082 ## - NÚMERO DE LA CLASIFICACIÓN DECIMAL DEWEY
Número de clasificación 616.9362
Número de documento/Ítem F363c
100 1# - ENTRADA PRINCIPAL--NOMBRE DE PERSONA
Nombre de persona Fernández Naranjo, Fidel
9 (RLIN) 60113
245 10 - MENCIÓN DE TÍTULO
Título Contribución al estudio de la endemicidad palúdica índice esplenico.
260 ## - PUBLICACIÓN, DISTRIBUCIÓN, ETC.
Lugar de publicación, distribución, etc. Ciudad Trujillo, República Dominicana :
Nombre del editor, distribuidor, etc. Montalvo,
Fecha de publicación, distribución, etc. 1942.
300 ## - DESCRIPCIÓN FÍSICA
Extensión 60 p. ;
Dimensiones 24 cm.
500 ## - NOTA GENERAL
Nota general Tesis para optar por el grado de Doctor en Medicina de la Universidad de Santo Domingo, República Dominicana, Facultad de Medicina
502 ## - NOTA DE TESIS
Nota de tesis Tesis (Ph.D.)-Universidad de Santo Domingo, 1942
590 ## - NOTA LOCAL (RLIN)
Nota local Inventariado, 2018/MFF
650 #4 - PUNTO DE ACCESO ADICIONAL DE MATERIA--TÉRMINO DE MATERIA
Término de materia o nombre geográfico como elemento de entrada Malaria
Subdivisión de forma TESIS Y DISERTACIONES ACADEMICAS
9 (RLIN) 60114
910 ## - DATOS DE OPCIÓN DEL USUARIO (OCLC)
Datos de opción del usuario Validado. Control de calidad MFF
942 ## - ELEMENTOS DE PUNTO DE ACCESO ADICIONAL (KOHA)
Fuente del sistema de clasificación o colocación Dewey Decimal Classification
Tipo de ítem Koha Libro
Existencias
Estado de retiro Estado de pérdida Fuente del sistema de clasificación o colocación No para préstamo Código de colección Localización permanente Ubicación/localización actual Ubicación en estantería Fecha de adquisición Número de inventario Total de préstamos Signatura topográfica completa Código de barras Fecha visto por última vez Precio válido a partir de Tipo de ítem Koha
    Dewey Decimal Classification Excluido de préstamo Raros y valiosos Patrimonio Dominicano Patrimonio Dominicano Depósito 18.10.2011 LF1   BNPHU PD-RV 616.9362 F363c 34680-10 25.06.2020 25.06.2020 No se presta

Con tecnología Koha